Central Library OPAC University of Rajshahi

The ABC of the foreign exchanges / (Record no. 4224)

MARC details
000 -LEADER
fixed length control field 00862cam a22002891 4500
001 - CONTROL NUMBER
control field 4224
003 - CONTROL NUMBER IDENTIFIER
rucl marc code BD-RjUL
005 - DATE AND TIME OF LATEST TRANSACTION
control field 20211208233845.0
008 - FIXED-LENGTH DATA ELEMENTS--GENERAL INFORMATION
fixed length control field 131222r19521951xx 001 0 eng
035 ## - SYSTEM CONTROL NUMBER
System control number (BD-RjUL)4259
System control number (OCoLC)1709897
040 ## - CATALOGING SOURCE
Original cataloging agency DLC
Transcribing agency OTU
Modifying agency Uk
-- DLC
-- BD-RjUL
Language of cataloging eng
041 ## - LANGUAGE CODE
Language code of text/sound track or separate title eng
082 ## - DEWEY DECIMAL CLASSIFICATION NUMBER
Classification number 332.45
Author mark and year CRA
100 1# - MAIN ENTRY--PERSONAL NAME
Personal name Crump, Norman,
Dates associated with a name 1896-
9 (RLIN) 13386
245 14 - TITLE STATEMENT
Title The ABC of the foreign exchanges /
Statement of responsibility, etc. Norman Crump
250 ## - EDITION STATEMENT
Edition statement 11th ed.
260 ## - PUBLICATION, DISTRIBUTION, ETC. (IMPRINT)
Place of publication, distribution, etc. London,
Name of publisher, distributor, etc. Macmillan,
Date of publication, distribution, etc. [Reprinted 1952].
300 ## - PHYSICAL DESCRIPTION
Pagination viii, 403 p. ;
Size 20 cm.
500 ## - GENERAL NOTE
General note "The first edition...was written by Mr. George Clare and published in 1892."
504 ## - BIBLIOGRAPHY, ETC. NOTE
Bibliography, etc Includes index.
650 #0 - SUBJECT ADDED ENTRY--TOPICAL TERM
Topical term or geographic name as entry element Foreign exchange.
9 (RLIN) 13387
942 ## - ADDED ENTRY ELEMENTS (KOHA)
Source of classification or shelving scheme Dewey Decimal Classification
Koha item type Books
Holdings
Lost status Source of classification or shelving scheme Damaged status Not for loan Collection code Permanent Location Current Location Shelving location Date acquired Source of acquisition Cost, normal purchase price Total Checkouts Full call number Date last seen Copy number Koha item type
  Dewey Decimal Classification   Not For Loan Non-fiction Central Library, University of Rajshahi Central Library, University of Rajshahi Reading Room 14/05/1955 W. B. C. ,Dacca 7.60   332.45 CRA 1952 22/12/2013 C-1 Books